000 00281nam a22001337a 4500
008 171005b xxu||||| |||| 00| 0 eng d
020 _a9781429200820
041 _aeng
080 _a159.9
100 _a49
101 _aPSI
245 _aPSYCHOLOGY
_cGRIGS.R.A
942 _2udc
_cBK
999 _c32070
_d32070